000 00924cam a22002057a 4500
005 20080726135959.0
008 080726t xxu||||| |||| 00| 0 hin d
010 _aHIN-78455
020 _c120.00
035 _aHN-50901
082 _a320
100 _aचौधरी, बी.बी.
245 _aराजनीति-विज्ञान:सिद्वान्त एवं अवधारणाएँ /
_cबी.बी.चौधरी
250 _a28वां संस्क
260 _aदिल्ली:
_bश्री महाबीर बुक डिपो,
_c2007
300 _avi,88पृ.
_c22सेमी(अजिल्द)
650 _aराजनीति विज्ञान
942 _adpl
_cHN
_2ddc
_h320
_mचौधरी
999 _c4
_d4